[Event "Botvinnik Cup 2018"]
[Site "Moscow"]
[Date "2018.08.10"]
[Round "2"]
[White "Egin, Vladimir"]
[Black "Mailebayev, Sanzhar"]
[Result "1-0"]
[WhiteElo "2317"]
[BlackElo "1820"]
[Annotator "NA"]
[PlyCount "111"]
[EventDate "2018.08.10"]
[EventCountry "RUS"]
[SourceTitle "playchess.com"]
[Source "ChessBase"]
[SourceQuality "1"]
[TimeControl "5400+30"]

1. e4 {[%emt 0:00:00]} e5 {[%emt 0:00:35]} 2. Nf3 {[%emt 0:00:00]} Nc6 {[%emt 0:00:16]} 3. Nc3 {[%emt 0:00:00]} Nf6 {[%emt 0:00:16]} 4. d4 {[%emt 0:00:00]} exd4 {[%emt 0:05:36]} 5. Nxd4 {[%emt 0:00:00]} Bb4 {[%emt 0:01:51]} 6. Nxc6 {[%emt 0:00:00]} bxc6 {[%emt 0:00:53]} 7. Bd3 {[%emt 0:00:00]} O-O {[%emt 0:19:21]} 8. O-O {[%emt 0:11:24]} Re8 {[%emt 0:15:40]} 9. Bg5 {[%emt 0:03:34]} h6 {[%emt 0:02:34]} 10. Bh4 {[%emt 0:00:27]} Be7 {[%emt 0:22:45]} 11. e5 {[%emt 0:03:12]} Nh7 {[%emt 0:00:31]} 12. Bxe7 {[%emt 0:03:05]} Qxe7 {[%emt 0:00:19]} 13. f4 {[%emt 0:05:15]} d6 {[%emt 0:01:01]} 14. Qh5 {[%emt 0:02:54]} dxe5 {[%emt 0:03:26]} 15. fxe5 {[%emt 0:02:05]} Be6 {[%emt 0:00:13]} 16. Ne4 {[%emt 0:05:22]} Ng5 {[%emt 0:02:04]} 17. Rae1 {[%emt 0:01:52]} Rad8 {[%emt 0:02:34]} 18. Kh1 {[%emt 0:05:35]} Nxe4 {[%emt 0:01:35]} 19. Bxe4 {[%emt 0:03:48]} Bd5 {[%emt 0:02:21]} 20. h4 {[%emt 0:03:47]} Bxe4 {[%emt 0:02:32]} 21. Rxe4 {[%emt 0:00:48]} Rd5 {[%emt 0:00:04]} 22. c4 {[%emt 0:10:03]} Rxe5 {[%emt 0:00:20]} 23. Rxe5 {[%emt 0:02:50]} Qxe5 {[%emt 0:00:05]} 24. Qxf7+ {[%emt 0:00:04]} Kh8 {[%emt 0:00:28]} 25. b3 {[%emt 0:01:36]} a6 {[%emt 0:07:54]} 26. Qg6 {[%emt 0:01:14]} c5 {[%emt 0:03:39]} 27. g3 {[%emt 0:07:21]} a5 {[%emt 0:01:36]} 28. Kg2 {[%emt 0:01:21]} Rd8 {[%emt 0:00:45]} 29. Kh3 {[%emt 0:00:38]} Qe2 {[%emt 0:02:34]} 30. Rf7 {[%emt 0:02:44]} Qe5 {[%emt 0:00:09]} 31. Qf5 {[%emt 0:05:24]} Qd6 {[%emt 0:00:55]} 32. Qg4 {[%emt 0:02:49]} Qe5 {[%emt 0:00:19]} 33. Qg6 {[%emt 0:02:09]} Re8 {[%emt 0:00:39]} 34. Qf5 {[%emt 0:00:47]} Qd6 {[%emt 0:00:34]} 35. Qd7 {[%emt 0:02:16]} Qxd7+ {[%emt 0:00:30]} 36. Rxd7 {[%emt 0:00:03]} Re2 {[%emt 0:00:11]} 37. Rxc7 {[%emt 0:00:57]} Rxa2 {[%emt 0:00:20]} 38. Rxc5 {[%emt 0:00:03]} a4 {[%emt 0:00:16]} 39. bxa4 {[%emt 0:00:03]} Rxa4 {[%emt 0:00:06]} 40. h5 {[%emt 0:00:58]} Kg8 {[%emt 0:00:12]} 41. Kg4 {[%emt 0:01:51]} Ra3 {[%emt 0:00:23]} 42. Rc7 {[%emt 0:00:21]} Rc3 {[%emt 0:00:19]} 43. Kf4 {[%emt 0:02:51]} Kf8 {[%emt 0:00:47]} 44. g4 {[%emt 0:00:03]} Rc1 {[%emt 0:00:07]} 45. c5 {[%emt 0:01:19]} Kg8 {[%emt 0:00:45]} 46. Kf5 {[%emt 0:01:52]} Rf1+ {[%emt 0:00:47]} 47. Ke6 {[%emt 0:00:26]} Rf4 {[%emt 0:01:07]} 48. Rc8+ {[%emt 0:00:36]} Kh7 {[%emt 0:00:05]} 49. c6 {[%emt 0:00:29]} Rxg4 {[%emt 0:00:50]} 50. c7 {[%emt 0:00:34]} Rc4 {[%emt 0:00:27]} 51. Kd6 {[%emt 0:00:08]} Rc1 {[%emt 0:00:57]} 52. Rf8 {[%emt 0:00:19]} Rd1+ {[%emt 0:00:14]} 53. Ke5 {[%emt 0:00:06]} Re1+ {[%emt 0:00:45]} 54. Kd4 {[%emt 0:00:04]} Rc1 {[%emt 0:00:45]} 55. c8=Q {[%emt 0:00:06]} Rc7 {[%emt 0:00:04]} 56. Rh8# 1-0

[Event "Botvinnik Cup 2018"]
[Site "Moscow"]
[Date "2018.08.10"]
[Round "2"]
[White "Skatchkov, Valery"]
[Black "Khusenkhojaev, Muhammad"]
[Result "1-0"]
[WhiteElo "2305"]
[BlackElo "2434"]
[Annotator "TA"]
[PlyCount "73"]
[EventDate "2018.08.10"]
[EventCountry "RUS"]
[SourceTitle "playchess.com"]
[Source "ChessBase"]
[SourceQuality "1"]

{[%evp 24,73,0,0,10,10,10,10,16,-64,-71,-87,-72,-77,-60,-53,-58,-66,0,0,0,0,34,9,21,14,20,18,12,19,89,78,70,0,59,72,45,52,406,404,399,362,382,370,518,511,588,557,525,529,1054,1053]} 1. d4 Nf6 2. c4 g6 3. Nf3 Bg7 4. g3 c6 5. Bg2 O-O 6. Nc3 d5 7. cxd5 cxd5 8. Ne5 Ng4 9. Nxg4 Bxg4 10. O-O Nc6 11. h3 Bd7 {D79: Fianchetto Grünfeld: Symmetrical Variation (6 0-0 c6 7 cxd5 cxd5)} 12. e3 e6 13. b3 {LiveBook: 13 Games} Qe7 {The position is equal.} 14. Bb2 Rfc8 {[#]} 15. Qe2 $146 ({Predecessor:} 15. Qd2 Qb4 16. Rfd1 h5 17. Rac1 Ne7 18. Nb1 Qxd2 19. Nxd2 {½-½ (32) Mchedlishvili,M (2639)-Ponomariov,R (2741) Leon 2012}) 15... a6 16. a4 (16. Rfc1 $11) 16... Qb4 $15 17. Rfb1 Qxb3 18. Qd2 Qb6 19. Ba3 Qc7 20. Bc5 Rcb8 (20... Na5 $15 21. Qc1 Qb8) 21. Bb6 $11 Qc8 22. e4 Ne7 23. Bc5 $36 {[%mdl 2048] White fights for an advantage.} Qd8 24. exd5 Nxd5 25. Bxd5 exd5 26. Nxd5 b5 (26... Bxh3 $11 {remains equal.} 27. Nb6 Ra7) 27. Be7 $16 Qc8 28. Bf6 ({Better is} 28. Bd6 $14 Qb7 29. Ne7+ Kh8 30. Bxb8 Bxh3 31. d5 Bxa1 32. Rxa1 Qxe7 33. Re1) 28... Qb7 (28... Qc4 $11 29. Ne3 Qe6 30. Bxg7 Kxg7) 29. Ne7+ $14 Kh8 30. Qf4 {Black must now prevent Qe5.} Qb6 $2 {[%mdl 8192] [#]} ({Black should play} 30... Bxh3 $14 31. d5 Re8) 31. Nd5 $1 $18 {[%cal Rd5b6]} Qe6 32. Bxg7+ Kxg7 33. Nc7 Qxh3 34. Qe5+ {White is clearly winning.} f6 35. Qe7+ Kh6 36. d5 Bf5 37. Rb4 {Precision: White = 72%, Black = 27%.} 1-0

[Event "Botvinnik Cup 2018"]
[Site "Moscow"]
[Date "2018.08.10"]
[Round "2"]
[White "Kirillov, Dmitry"]
[Black "Khusenkhojaev, Muhammad"]
[Result "0-1"]
[WhiteElo "2209"]
[BlackElo "2434"]
[Annotator "TA"]
[PlyCount "95"]
[EventDate "2018.08.10"]
[EventCountry "RUS"]
[SourceTitle "playchess.com"]
[Source "ChessBase"]
[SourceQuality "1"]

{[%evp 13,95,20,25,-13,0,0,-1,-34,-34,-37,-32,-31,-35,-33,-37,-49,-47,-56,-41,-53,-49,-56,-54,-54,-58,-53,-57,-51,-52,-54,-51,-47,-46,-60,-54,-60,-53,-54,-60,-77,-81,-86,-86,-86,-77,-77,-77,-77,-74,-88,-71,-111,-108,-134,-120,-160,-152,-152,-160,-204,-187,-224,-216,-220,-213,-447,-229,-229,-208,-306,-306,-286,-230,-361,-342,-610,-610,-1039,-909,-5147,-1841,-12844,-12844,-29992]} 1. e4 e5 2. Nf3 Nc6 3. Bb5 a6 4. Ba4 Nf6 5. d3 d6 6. a3 {C77: Ruy Lopez: 3...a6 4 Ba4 Nf6, unusual lines} (6. c3 g6 7. O-O Bg7 8. Nbd2 O-O 9. Re1 Nd7 10. Nf1 Nc5 11. Bxc6 bxc6 12. d4 exd4 13. cxd4 Ne6 14. Ng3 c5 15. dxc5 Nxc5 16. Bg5 Qe8 17. Qd2 Bg4 18. Bh6 Bxf3 19. Bxg7 Kxg7 20. gxf3 {1-0 (52) Anand,V (2759)-Caruana,F (2816) Leuven 2018}) 6... g6 7. O-O Bg7 {LiveBook: 5 Games} 8. Nc3 {White has an edge.} O-O (8... b5 $5 {[%cal Rb5a4]} 9. Bb3 Bg4 $11) 9. Bg5 h6 10. Bh4 g5 $146 ({Predecessor:} 10... Bg4 11. h3 Bxf3 12. Qxf3 Nd4 13. Qe3 g5 {0-1 (43) Barragan Hernandez,M (1879)-Comellas Blanchart,J (2065) Barcelona 2017}) 11. Bg3 Bg4 12. h3 Bh5 13. Bxc6 bxc6 14. Qe2 a5 {[%cal Ba6a5,Ba5a4][%mdl 32]} 15. Qe3 a4 16. d4 Bxf3 $1 17. dxe5 Bh5 {[#] White must now prevent ...dxe5.} 18. exf6 Qxf6 19. f4 Qd4 20. Qxd4 Bxd4+ 21. Bf2 Bxc3 $1 22. bxc3 gxf4 23. Bd4 Rfe8 24. Rxf4 Bg6 25. Re1 Re6 26. Rf6 Rae8 27. Rxe6 Rxe6 $17 {[%mdl 4096] Endgame KRB-KRB} 28. Rb1 {White threatens Rb8+ and mate.} Bxe4 29. Rb8+ Kh7 30. g4 f5 ({Of course not} 30... Bxc2 $6 31. Rh8+ Kg6 32. Rg8+ Kh7 33. Rg7+ Kh8 34. Rxf7+ Kg8 35. Rxc7 $11) 31. Rc8 Re7 ({Much weaker is} 31... Bxc2 32. Rxc7+ Kg8 33. gxf5 $11) (31... fxg4 {keeps more tension.} 32. Rxc7+ Kg6 33. Rg7+ Kf5 34. Rxg4 h5) 32. h4 {Hoping for h5.} Kg6 ({Wrong is} 32... Bxc2 $2 33. h5 $18) 33. h5+ Kf7 34. Be3 fxg4 35. Bxh6 {[#]} Re5 $1 {[%cal Re5h5]} 36. Rxc7+ Ke6 37. Bf4 Rxh5 38. Kf2 Rc5 39. Ke3 $2 (39. Bd2 {was the only chance.}) 39... Bxc2 (39... Rxc3+ $142 40. Kxe4 d5+ 41. Kd4 Rc4+ 42. Ke3 Re4+ 43. Kd3 Rxf4 44. Rxc6+ Kf5) 40. Kd2 $19 Bg6 41. Rb7 (41. Rc8 {was called for.}) 41... Rd5+ 42. Ke2 Rd3 43. Bd2 (43. Rg7 {only move.} Be4 44. Rxg4 Rxc3 45. Rg3 Rc2+ 46. Ke1) 43... Rh3 44. Rb4 $2 (44. Rg7 Kf6 45. Rd7 Bd3+ 46. Kd1) 44... g3 {Black is clearly winning.} 45. Be3 Bh5+ 46. Kd2 Rh2+ 47. Kd3 Bg6+ 48. Kd4 {Precision: White = 32%, Black = 84%.} 0-1

[Event "Botvinnik Cup 2018"]
[Site "Moscow"]
[Date "2018.08.10"]
[Round "2"]
[White "Atakishiyev, Elmar"]
[Black "Paichadze, Luka"]
[Result "0-1"]
[WhiteElo "2198"]
[BlackElo "2564"]
[Annotator "TA"]
[PlyCount "80"]
[EventDate "2018.08.10"]
[EventCountry "RUS"]
[SourceTitle "playchess.com"]
[Source "ChessBase"]
[SourceQuality "1"]

{[%evp 15,80,39,37,31,33,10,7,13,21,0,22,22,21,21,15,23,17,12,29,0,0,0,0,-16,-7,-32,0,-12,-12,-26,-12,-13,-14,-22,-26,-35,-10,-10,-12,-29,-29,-29,-33,-226,-233,-246,-239,-238,-241,-245,-250,-278,-258,-267,-236,-273,-260,-265,-251,-254,-263,-244,-252,-241,-229,-297,-296]} 1. e4 c6 2. d4 d5 3. Nd2 dxe4 4. Nxe4 Nf6 5. Nxf6+ gxf6 6. Nf3 Bg4 7. c3 Nd7 {B16: Caro-Kann: Bronstein-Larsen Variation} 8. Be2 (8. g3 Ne5 9. Bg2 Bxf3 10. Bxf3 Nxf3+ 11. Qxf3 Qd5 12. Qxd5 cxd5 13. Bf4 Kd7 14. Ke2 e6 15. g4 {½-½ (39) Piorun,K (2609)-Seirawan,Y (2620) Berlin 2015}) 8... Qc7 {LiveBook: 4 Games} 9. Be3 O-O-O {White is slightly better.} 10. Qb3 e6 11. O-O-O Rg8 $146 ({Predecessor:} 11... Nb6 12. g3 h5 13. Bf4 Bd6 14. Bxd6 Qxd6 15. h3 Bxf3 16. Bxf3 h4 17. Rhg1 {0-1 (24) Schackmann,O (1903)-Rozov,B (2152) Dresden 2013}) 12. Rhe1 Bh5 13. g3 Nb6 14. Bf4 Bd6 15. Bxd6 Rxd6 16. Nd2 Bg6 17. Nc4 Nxc4 18. Qxc4 Rgd8 19. Bf3 Qa5 20. Be4 Qh5 21. Bxg6 hxg6 22. h4 g5 23. hxg5 Qxg5+ 24. Re3 Rd5 {[%cal Bd6d5,Bd5f5,Bf5f2,Bf2g2][%mdl 32]} 25. Rde1 Kb8 26. Qe2 Rh8 27. Kb1 Rh2 28. Rf3 Rf5 $36 {[%mdl 2048] White is under pressure.} 29. Ka1 $2 {[#]} (29. Qd3 $15) 29... Qh5 $19 30. Re3 Rfxf2 31. Qxh5 Rxh5 {[%mdl 4096] Endgame KRR-KRR} 32. a4 Rhh2 33. Rb1 f5 34. Ka2 Rfg2 35. Ka3 Rh3 36. Rf1 Rhxg3 37. Rxg3 Rxg3 38. Rh1 Rg7 39. Kb4 Kc7 40. Rh4 Kd6 {Precision: White = 43%, Black = 71%.} 0-1

[Event "Botvinnik Cup 2018"]
[Site "Moscow"]
[Date "2018.08.10"]
[Round "2"]
[White "Tsaruk, Maksim"]
[Black "Vaganian, Rafael A"]
[Result "1/2-1/2"]
[WhiteElo "2192"]
[BlackElo "2546"]
[Annotator "TA"]
[PlyCount "135"]
[EventDate "2018.08.10"]
[EventCountry "RUS"]
[SourceTitle "playchess.com"]
[Source "ChessBase"]
[SourceQuality "1"]

{[%evp 22,135,6,0,10,-17,-10,-12,-15,-24,-23,-14,-13,-16,0,-19,-20,-22,-14,-25,-30,-36,0,0,0,-5,0,5,5,0,0,0,0,0,0,0,0,0,0,0,0,-18,0,0,0,0,0,0,0,0,0,0,0,0,0,0,0,0,0,0,0,0,0,0,0,0,0,0,0,14,184,158,184,177,117,123,166,0,166,0,0,0,364,352,639,620,1364,1343,1279,1150,12844,12844,12845,12845,12844,0,0,0,0,0,0,0,0,0,0,0,0,0,0,0,0,0,0,0,0,0]} 1. e4 e6 2. d4 d5 3. Nd2 c5 4. exd5 Qxd5 5. Ngf3 cxd4 6. Bc4 Qd8 7. O-O Nf6 8. Nb3 Nc6 9. Nbxd4 Nxd4 10. Nxd4 Bc5 11. Nb3 {C07: French Tarrasch: 3...c5, 4 Ngf3 and 4 exd5 Qxd5} (11. c3 O-O 12. Bg5 e5 13. Nf3 Qc7 14. Nd2 Bg4 15. Be2 Bf5 16. Bxf6 gxf6 17. Bg4 Bg6 18. Qf3 Qc6 19. Rfe1 Qxf3 20. Bxf3 Rab8 21. Ne4 Be7 22. g4 b5 {½-½ (22) Rublevsky,S (2697)-Alekseev,E (2700) Dagomys 2010}) 11... Bd6 12. Bb5+ {LiveBook: 4 Games} Bd7 13. a4 Qc7 $146 ({Predecessor:} 13... Bxb5 14. axb5 Qc7 15. h3 O-O 16. c3 Rfd8 17. Qf3 Nd5 18. g3 Qc4 19. Na5 Qc7 {½-½ (60) Vitorino,L-Antunes,A Lisbon 2002}) 14. Bxd7+ Nxd7 15. h3 O-O 16. c3 a6 17. Nd4 Bh2+ 18. Kh1 Be5 19. Nf3 Bf6 20. a5 Rfd8 21. Qc2 b6 22. axb6 Nxb6 23. Ng5 Bxg5 24. Bxg5 Rd5 25. Be3 Nc4 26. Rfd1 Nxe3 27. fxe3 Rxd1+ 28. Rxd1 $11 {[%mdl 4096] Endgame KQR-KQR} a5 29. c4 Qc5 30. Qc3 h5 31. Qd4 (31. Ra1 {feels hotter.} Ra7 32. Qd4 Rc7 33. Qd8+ Kh7 34. b3) 31... Rc8 32. Qxc5 Rxc5 {KR-KR} 33. b3 Kf8 34. Kg1 Ke7 35. Kf2 Rf5+ 36. Ke2 Rg5 37. Kf3 Rf5+ 38. Ke2 h4 39. Rd2 g5 40. e4 Rf4 41. Ra2 Rxe4+ 42. Kd3 Re5 43. Kd4 Rf5 44. c5 Rf4+ 45. Kc3 g4 $2 (45... Rf1 $11 {and Black has nothing to worry.}) 46. Rxa5 $18 gxh3 47. gxh3 Rf3+ (47... e5 $18) 48. Kc4 $16 Rxh3 49. b4 $2 (49. Ra7+ $18 Kf6 50. c6) 49... Rh1 $2 (49... Rf3 $1 $11) 50. Ra7+ $18 {[%mdl 1024] White has strong compensation.} Kf6 51. Kb5 {[#] And now c6 would win.} Rc1 $2 {[%mdl 8192]} (51... h3 $11 {and Black is okay.}) 52. c6 e5 $2 (52... Kg5 53. Rxf7 e5) 53. Kb6 e4 {next ...e3 is good for Black.} 54. c7 h3 55. Ra3 Kg5 56. Rxh3 f5 57. Rg3+ ({Less strong is} 57. Rh8 f4 $16) 57... Kh4 58. Rg6 $2 (58. Re3 $18 Kg4 59. b5) 58... e3 $11 {The position is equal.} 59. b5 f4 $1 {[%cal Bf5f4,Bf4f3,Bf3f2][%mdl 32]} ({Don't blunder} 59... e2 $2 60. Re6 $18) 60. Re6 {Strongly threatening Kb7.} Rc3 61. Kb7 f3 $1 {[%cal Rf3f2] [#]} 62. Rxe3 $1 {[%mdl 512]} Rxe3 63. c8=Q {KQ-KR} f2 64. Qc1 {Black must now prevent b6.} Rf3 65. Qh6+ Kg3 66. Qg5+ Kh2 67. Qh4+ Kg2 {Hoping for ...Rf7+.} 68. Qxf2+ {Precision: White = 70%, Black = 57%.} 1/2-1/2

[Event "Botvinnik Cup 2018"]
[Site "Moscow"]
[Date "2018.08.10"]
[Round "2"]
[White "Melkonyan, Arshak"]
[Black "Kovalev, Vladislav"]
[Result "1/2-1/2"]
[WhiteElo "2051"]
[BlackElo "2667"]
[Annotator "TA"]
[PlyCount "104"]
[EventDate "2018.08.10"]
[EventCountry "RUS"]
[SourceTitle "playchess.com"]
[Source "ChessBase"]
[SourceQuality "1"]

{[%evp 21,104,-22,0,-22,0,-15,12,0,0,0,0,0,0,0,224,227,214,218,215,226,221,159,159,161,163,162,147,154,166,164,158,154,150,133,98,87,85,84,122,118,205,156,173,114,122,135,169,154,152,156,216,201,187,122,116,67,85,0,2,0,0,0,0,0,0,0,0,0,0,0,0,0,0,0,0,0,0,0,0,0,0,0,0,0,0]} 1. d4 Nf6 2. c4 g6 3. Nc3 Bg7 4. e4 d6 5. f3 O-O 6. Be3 Nc6 7. Nge2 a6 8. Qd2 Na5 {E83: King's Indian: Sämisch Panno (6...Nc6): Lines without either Nge2 or Qd2} (8... Rb8 9. Rc1 Bd7 10. Nd1 b5 11. c5 Ne8 12. Nf2 e6 13. g3 f5 14. Bg2 Nf6 15. O-O Kh8 16. b3 d5 17. e5 Ng8 {1-0 (69) Vitiugov,N (2734)-Hjartarson,J (2523) Helsingor 2018}) 9. Ng3 b5 10. cxb5 axb5 11. Rc1 c6 {LiveBook: 4 Games} 12. Be2 Re8 $146 ({Predecessor:} 12... Bd7 13. O-O Nb7 14. a3 Qa5 15. f4 b4 16. axb4 Qxb4 {1-0 (71) Qin,N (1327)-Braganza,N (1489) Auckland 2017}) 13. O-O e5 14. dxe5 dxe5 15. Qxd8 Rxd8 16. b3 Nd7 17. Rfd1 $36 {[%mdl 2048] White fights for an advantage.} Re8 $2 {[#]} (17... Bf6 $11) 18. Nxb5 $1 $18 {[%mdl 512]} cxb5 19. Bxb5 Re7 20. Rc7 Bf8 {Black wants to play ...Nf6.} 21. Bxd7 Rxd7 22. Rdxd7 Bxd7 23. Rxd7 Nc6 24. Rd2 Bb4 25. Rc2 Nd4 26. Rc4 Bf8 27. Bxd4 exd4 $16 {[%mdl 4096] Endgame KRB-KRN} 28. a4 {[%cal Ba2a4,Ba4a5,Ba5a6][%mdl 32]} Rb8 29. Kf1 ({But not} 29. Rxd4 $2 Bc5 $19) 29... Rxb3 30. Rxd4 Rb2 (30... Rb1+ $16 31. Ke2 Ra1) 31. Rc4 Bd6 32. Rc6 (32. Ne2 $18) 32... Bf4 33. a5 Ra2 34. a6 Be3 35. e5 Rf2+ (35... Bf4 $16 {keeps fighting.} 36. e6 fxe6 37. Rxe6 Kf7) 36. Ke1 $18 Rxg2 37. Ne4 (37. Rc3 $18) 37... Ra2 $16 38. Nd6 Kf8 39. Rc8+ (39. h3 $16) 39... Ke7 $11 {The position is equal.} 40. Ra8 {And now a7! would win.} Ke6 $1 41. f4 Bc5 42. Re8+ Kd7 43. Rf8 Bxd6 44. exd6 Kxd6 45. Rxf7 {KR-KR} Ke6 46. Ra7 Kf5 47. Rxh7 {Rf7+ is the strong threat.} (47. Kd1 {with more complications.} h5 48. Kc1 Kxf4 49. Rf7+ Kg4 50. a7) 47... Rxa6 48. Rf7+ Rf6 49. Rxf6+ Kxf6 50. Kf2 g5 51. fxg5+ Kxg5 52. h4+ Kxh4 {Precision: White = 73%, Black = 80%.} 1/2-1/2

[Event "Botvinnik Cup 2018"]
[Site "Moscow"]
[Date "2018.08.10"]
[Round "2"]
[White "Rakhmatullaev, Almas"]
[Black "Khusnutdinov, Rustam"]
[Result "0-1"]
[WhiteElo "1896"]
[BlackElo "2470"]
[Annotator "TA"]
[PlyCount "46"]
[EventDate "2018.08.10"]
[EventCountry "RUS"]
[SourceTitle "playchess.com"]
[Source "ChessBase"]
[SourceQuality "1"]

{[%evp 17,46,21,72,75,67,59,95,87,126,-6,-2,-12,0,-13,0,-68,-65,-76,10,18,73,64,76,49,102,0,-6,-381,-378,-378,-381]} 1. d4 Nf6 2. Nf3 e6 3. c4 d5 4. Nc3 Bb4 5. Qb3 c5 6. dxc5 Nc6 {D38: Queen's Gambit Declined: Ragozin Defence (4 Nf3 Bb4)} (6... Na6 7. a3 Bxc3+ 8. Qxc3 Nxc5 9. cxd5 Qxd5 10. Be3 Nce4 11. Qe5 Qxe5 12. Nxe5 Nd5 13. Bc1 Bd7 14. f3 {½-½ (34) Nisipeanu,L (2672)-Wojtaszek,R (2733) Dortmund 2018}) 7. Bg5 h6 8. Bxf6 Qxf6 9. e3 O-O {LiveBook: 8 Games} (9... dxc4 $11 10. Bxc4 (10. Qxc4 Qe7 $16) 10... Bxc3+ 11. bxc3 (11. Qxc3 Qxc3+ 12. bxc3 Bd7 $14) 11... O-O) 10. O-O-O $16 dxc4 $146 ({Predecessor:} 10... Bxc5 11. cxd5 Na5 12. Qb5 b6 13. d6 a6 14. Qa4 Bb7 15. Ne4 Bxe4 16. Qxe4 Rfd8 17. Bd3 Bxd6 18. g4 Rac8+ 19. Kb1 Rc5 20. h4 b5 21. g5 hxg5 22. hxg5 Qf5 23. Qh4 {1-0 (23) Megna,G (1862)-Frigerio,R (1629) Barlassina 2013}) 11. Qxc4 Qe7 12. Ne4 b6 {[%cal Rb4c5] [#]} 13. a3 (13. Rd6 $1 $16) 13... Bxc5 $1 $11 14. Nxc5 bxc5 15. Kb1 Rb8 16. Bd3 (16. Qc3 $1 $11) 16... Qf6 $15 {[%csl Gb8][%cal Rf6b2]} 17. Rd2 {[#]} Rd8 (17... Na5 $1 $17 {[%cal Ra5c4]} 18. Qa4 Nb3) 18. Rhd1 $36 {[%mdl 2048] White has good play.} Bb7 (18... g5 $11) 19. Qxc5 $16 Ba8 {[%cal Bb7a8,Ba8c6,Bc6f3,Bf3e4][%mdl 32] And now ...Rxd3! would win.} 20. Be4 Rdc8 ({Black should play} 20... Rxb2+ $14 21. Rxb2 Rxd1+ 22. Ka2 e5) 21. Bxc6 (21. Rc2 $16) 21... Bxc6 $11 22. Qe5 $2 {[%mdl 8192]} (22. Qxa7 $11 Bd5 23. Ka1) 22... Bxf3 $19 23. Qxf6 Be4+ {Precision: White = 25%, Black = 29%.} 0-1

[Event "Botvinnik Cup 2018"]
[Site "Moscow"]
[Date "2018.08.10"]
[Round "2"]
[White "Qalichava, Akaki"]
[Black "Sevdimaliyev, Urfan"]
[Result "1/2-1/2"]
[WhiteElo "1874"]
[BlackElo "2388"]
[Annotator "NA"]
[PlyCount "110"]
[EventDate "2018.08.10"]
[EventCountry "RUS"]
[SourceTitle "playchess.com"]
[Source "ChessBase"]
[SourceQuality "1"]
[TimeControl "5400+30"]

1. e4 {[%emt 0:00:00]} c5 {[%emt 0:00:10]} 2. Nf3 {[%emt 0:00:00]} Nc6 {[%emt 0:00:06]} 3. d4 {[%emt 0:00:00]} cxd4 {[%emt 0:00:01]} 4. Nxd4 {[%emt 0:00:00]} g6 {[%emt 0:00:33]} 5. Nc3 {[%emt 0:00:17]} Bg7 {[%emt 0:00:12]} 6. Be3 {[%emt 0:00:09]} Nf6 {[%emt 0:00:35]} 7. Bc4 {[%emt 0:00:19]} Qa5 {[%emt 0:02:29]} 8. f3 {[%emt 0:00:59]} O-O {[%emt 0:02:01]} 9. Qd2 {[%emt 0:00:46]} Qb4 {[%emt 0:02:41]} 10. Bb3 {[%emt 0:00:45]} Nxd4 {[%emt 0:00:51]} 11. Qxd4 {[%emt 0:00:18]} Qxd4 {[%emt 0:00:32]} 12. Bxd4 {[%emt 0:00:05]} d6 {[%emt 0:00:12]} 13. O-O-O {[%emt 0:02:55]} Bd7 {[%emt 0:01:52]} 14. Rhe1 {[%emt 0:01:38]} Bc6 {[%emt 0:01:31]} 15. Nd5 {[%emt 0:01:01]} Bxd5 {[%emt 0:03:31]} 16. exd5 {[%emt 0:00:13]} Rfe8 {[%emt 0:02:30]} 17. Ba4 {[%emt 0:00:30]} Reb8 {[%emt 0:04:03]} 18. Rxe7 {[%emt 0:01:41]} Nxd5 {[%emt 0:00:28]} 19. Ree1 {[%emt 0:01:08]} Bh6+ {[%emt 0:02:35]} 20. Kb1 {[%emt 0:00:48]} Nf4 {[%emt 0:02:28]} 21. g3 {[%emt 0:06:11]} Ne6 {[%emt 0:00:17]} 22. Bf6 {[%emt 0:01:49]} Nc5 {[%emt 0:04:01]} 23. Bb5 {[%emt 0:01:38]} Bf8 {[%emt 0:01:11]} 24. b4 {[%emt 0:02:46]} Ne6 {[%emt 0:04:32]} 25. Bd7 {[%emt 0:03:30]} Nd8 {[%emt 0:05:00]} 26. b5 {[%emt 0:04:50]} a6 {[%emt 0:03:49]} 27. a4 {[%emt 0:01:19]} axb5 {[%emt 0:05:04]} 28. axb5 {[%emt 0:00:24]} b6 {[%emt 0:00:58]} 29. h4 {[%emt 0:05:14]} Ra7 {[%emt 0:01:11]} 30. Bh3 {[%emt 0:01:14]} Nb7 {[%emt 0:03:31]} 31. h5 {[%emt 0:02:39]} Rba8 {[%emt 0:05:08]} 32. f4 {[%emt 0:01:31]} Bg7 {[%emt 0:07:00]} 33. Bxg7 {[%emt 0:00:28]} Kxg7 {[%emt 0:00:34]} 34. Bg2 {[%emt 0:00:36]} Ra1+ {[%emt 0:00:26]} 35. Kb2 {[%emt 0:00:05]} R8a2+ {[%emt 0:02:57]} 36. Kc3 {[%emt 0:00:02]} Ra3+ {[%emt 0:00:21]} 37. Kd4 {[%emt 0:01:48]} Rxd1+ {[%emt 0:01:17]} 38. Rxd1 {[%emt 0:00:05]} Nc5 {[%emt 0:00:23]} 39. c3 {[%emt 0:01:57]} Na4 {[%emt 0:03:47]} 40. Rc1 {[%emt 0:01:04]} gxh5 {[%emt 0:01:18]} 41. Bf3 {[%emt 0:02:08]} h4 {[%emt 0:01:40]} 42. gxh4 {[%emt 0:00:18]} Kf6 {[%emt 0:04:24]} 43. Be4 {[%emt 0:01:50]} h6 {[%emt 0:01:31]} 44. Kc4 {[%emt 0:00:20]} Nc5 {[%emt 0:00:25]} 45. Bc2 {[%emt 0:00:21]} d5+ {[%emt 0:01:55]} 46. Kxd5 {[%emt 0:07:02]} Rxc3 {[%emt 0:01:45]} 47. Kd4 {[%emt 0:00:24]} Rf3 {[%emt 0:01:14]} 48. f5 {[%emt 0:00:36]} Rxf5 {[%emt 0:06:05]} 49. Bxf5 {[%emt 0:01:07]} Nb3+ {[%emt 0:00:39]} 50. Kc3 {[%emt 0:00:02]} Nxc1 {[%emt 0:00:08]} 51. Bg4 {[%emt 0:00:08]} Ke5 {[%emt 0:01:32]} 52. Kc2 {[%emt 0:00:27]} Na2 {[%emt 0:01:31]} 53. Kb3 {[%emt 0:00:23]} Nc1+ {[%emt 0:01:40]} 54. Kc2 {[%emt 0:00:06]} Na2 {[%emt 0:00:45]} 55. Kb3 {[%emt 0:00:06]} Nc1+ 1/2-1/2